[Event "December Standard"]
[Site "SchemingMind.com"]
[Date "2006.11.28"]
[Round "-"]
[White "Austin Lockwood"]
[Black "cnbcad"]
[Result "0-1"]
[WhiteCountry "ENG"]
[BlackCountry "USA"]
[WhiteElo "1729"]
[WhiteRD "88"]
[BlackElo "1519"]
[BlackRD "56"]
[GameID "78864"]

1. e4 e5 2. Nf3 Nc6 3. Nc3 Nf6 4. Bc4 h6 5. O-O Bc5 6. Na4 d6 7. Nxc5 dxc5 8. Bb5 Bd7 9. Bxc6 Bxc6 10. Nxe5 Bxe4
11. d3 Bd5 12. c4 Be6 13. Qf3 O-O 14. Qxb7 Qd6 15. Bf4 Bf5 16. Ng6 Qd4 17. Be5 Rfb8 18. Ne7+ Kh8 19. Qxb8+ Rxb8 20. Bxd4 Bxd3
21. Rfd1 Bxc4 22. Rac1 Bxa2 23. Rxc5 Bb3 24. Ra1 Re8 25. Rxc7 Kh7 26. Bxf6 gxf6 27. Rcxa7 Be6 28. b4 Bc4 29. Rc1 Rd8 30. Rxc4 Rd1#
0-1

[Event "December Standard"]
[Site "SchemingMind.com"]
[Date "2006.11.28"]
[Round "-"]
[White "cnbcad"]
[Black "Austin Lockwood"]
[Result "0-1"]
[WhiteCountry "USA"]
[BlackCountry "ENG"]
[WhiteElo "1519"]
[WhiteRD "56"]
[BlackElo "1729"]
[BlackRD "88"]
[GameID "78865"]

1. e4 d5 2. exd5 Nf6 3. Nc3 Nxd5 4. Nxd5 Qxd5 5. Nf3 Bg4 6. Be2 Nc6 7. d3 O-O-O 8. h3 Bf5 9. c4 Qa5+ 10. Bd2 Qc5
11. O-O Bxd3 12. Bxd3 Rxd3 13. Be3 Qxc4 14. Nd2 Qd5 15. Qg4+ Kb8 16. Rad1 e6 17. Nb3 Ne5 18. Rxd3 Nxd3 19. Rd1 Bb4 20. a3 Qxb3
21. axb4 Nxb4 22. Qd4 Nc6 23. Qxg7 Qxd1+ 24. Kh2 Qd6+ 25. g3 Qf8 26. Qc3 Rg8 27. b4 Qxb4 28. Qf6 Qe7 29. Qb2 Ne5 30. Qxe5 f6
31. Qa1 c5 32. Qa3 Rc8 33. Bf4+ e5 34. Be3 Rc6 35. Qb3 a6 36. Qg8+ Kc7 37. Bd2 Rd6 38. Ba5+ b6 39. Bxb6+ Rxb6
0-1

[Event "December Standard"]
[Site "SchemingMind.com"]
[Date "2006.11.28"]
[Round "-"]
[White "Canuck36"]
[Black "Austin Lockwood"]
[Result "0-1"]
[WhiteCountry "CAN"]
[BlackCountry "ENG"]
[WhiteElo "1492"]
[WhiteRD "67"]
[BlackElo "1733"]
[BlackRD "78"]
[GameID "78982"]

1. d4 Nf6 2. c4 e6 3. Nc3 Bb4 4. Nf3 c5 5. e3 O-O 6. Bd3 d5 7. O-O cxd4 8. exd4 dxc4 9. Bxc4 Bxc3 10. bxc3 Qc7
11. Qb3 Nc6 12. Re1 Rd8 13. Bg5 h6 14. Bxf6 gxf6 15. h4 b6 16. h5 Rd6 17. a4 Na5 18. Qb1 Qxc4 19. Qb4 Qxb4 20. cxb4 Nc4
21. a5 bxa5 22. bxa5 Rxd4 23. Nxd4 Ba6 24. Nc2 Rd8 25. Nb4 Bb5 26. g4 Nd2 27. Kg2 f5 28. f3 fxg4 29. fxg4 Rd4 30. Nc2 Rxg4+
31. Kh3 Rc4 32. Ne3 Rc5 33. Kh4 Nf3+ 34. Kg4 Nxe1 35. Rxe1 Bd3 36. Ra1 Be2+
0-1

[Event "December Standard"]
[Site "SchemingMind.com"]
[Date "2006.11.28"]
[Round "-"]
[White "Canuck36"]
[Black "cnbcad"]
[Result "1-0"]
[WhiteCountry "CAN"]
[BlackCountry "USA"]
[WhiteElo "1492"]
[WhiteRD "67"]
[BlackElo "1455"]
[BlackRD "52"]
[GameID "78983"]

1. e4 e5 2. Nf3 Nc6 3. Bb5 a6 4. Ba4 h6 5. O-O Nf6 6. Re1 Bc5 7. Bxc6 dxc6 8. Nxe5 Qd4 9. Nd3 Ng4 10. Qf3 O-O
11. Nxc5 Qxc5 12. d3 Qd6 13. Bf4 Ne5 14. Bxe5 Qxe5 15. c3 Qg5 16. Na3 Bg4 17. Qg3 Qh5 18. Qxc7 Qg6 19. Qg3 h5 20. f3 h4
21. Qxg4 Qf6 22. Nc4 g6 23. e5 Qe7 24. d4 Kg7 25. f4 Rh8 26. f5 Qc7 27. f6+ Kg8 28. e6 Re8 29. exf7+ Kxf7 30. Re5 b5
31. Rxe8 Rxe8 32. Qxh4 bxc4 33. Qh7+
1-0

[Event "December Standard"]
[Site "SchemingMind.com"]
[Date "2006.11.30"]
[Round "-"]
[White "Austin Lockwood"]
[Black "Canuck36"]
[Result "1-0"]
[WhiteCountry "ENG"]
[BlackCountry "CAN"]
[WhiteElo "1733"]
[WhiteRD "78"]
[BlackElo "1492"]
[BlackRD "67"]
[GameID "78985"]

1. e4 c5 2. Nf3 e6 3. d3 Nc6 4. g3 Qc7 5. Bh3 Nf6 6. Nc3 d5 7. exd5 Nd4 8. O-O e5 9. Bxc8 Rxc8 10. Re1 Bd6
11. Nxd4 cxd4 12. Nb5 Qc5 13. a4 Nxd5 14. Qg4 Nf6 15. Nxd6+ Ke7 16. Nxc8+ Rxc8 17. Rxe5+ Qxe5 18. Qxc8 Qd5 19. Bf4 a5 20. Re1+
1-0

[Event "December Standard"]
[Site "SchemingMind.com"]
[Date "2006.11.30"]
[Round "-"]
[White "cnbcad"]
[Black "Canuck36"]
[Result "1-0"]
[WhiteCountry "USA"]
[BlackCountry "CAN"]
[WhiteElo "1519"]
[WhiteRD "56"]
[BlackElo "1502"]
[BlackRD "70"]
[GameID "78986"]

1. e4 e5 2. Nf3 Nc6 3. Bc4 Bc5 4. c3 Nf6 5. d4 exd4 6. e5 d5 7. exf6 dxc4 8. fxg7 Rg8 9. cxd4 Bb4+ 10. Nc3 Rxg7
11. O-O Kf8 12. Bh6 Bg4 13. Bxg7+ Kxg7 14. d5 Bxf3 15. Qxf3 Ne5 16. Qg3+ Ng6 17. Rad1 Bd6 18. Qg4 Qf6 19. Ne4 b5 20. Nxf6
1-0

[Event "December Standard"]
[Site "SchemingMind.com"]
[Date "2006.11.28"]
[Round "-"]
[White "Zugzwang"]
[Black "Austin Lockwood"]
[Result "1-0"]
[WhiteCountry "CAN"]
[BlackCountry "ENG"]
[WhiteElo "1485"]
[WhiteRD "58"]
[BlackElo "1733"]
[BlackRD "78"]
[GameID "79018"]

1. d4 Nf6 2. Nf3 e6 3. e3 b6 4. Bd3 Bb7 5. O-O d5 6. c3 Be7 7. Nbd2 O-O 8. Qe2 Nc6 9. e4 dxe4 10. Nxe4 Nxe4
11. Qxe4 g6 12. Bh6 Re8 13. Qg4 f5 14. Qg3 Bd6 15. Qh3 Qd7 16. Ng5 Na5 17. Rfe1 Bd5 18. a4 Nb3 19. Rad1 Bf4 20. Bb5 c6
21. Bd3 Na5 22. Re2 c5 23. c4 Bxc4 24. Bxc4 Nxc4 25. b3 Na3 26. Ra2 cxd4 27. Rxa3 Qd6 28. Ra2 e5 29. Nxh7 Qe7 30. Bxf4 exf4
31. Raa1 Qxh7 32. Qxh7+ Kxh7 33. Rxd4 Rad8 34. Rxf4 Rd3 35. Rb1 Rxb3 36. Rd1 Rd3 37. Ra1 Rd2 38. h3 Re4 39. Rxe4 fxe4 40. Re1 Rd4
41. Ra1 a5 42. Kf1
1-0

[Event "December Standard"]
[Site "SchemingMind.com"]
[Date "2006.11.28"]
[Round "-"]
[White "Zugzwang"]
[Black "cnbcad"]
[Result "0-1"]
[WhiteCountry "CAN"]
[BlackCountry "USA"]
[WhiteElo "1490"]
[WhiteRD "61"]
[BlackElo "1519"]
[BlackRD "56"]
[GameID "79019"]

1. d4 d5 2. Nf3 Nc6 3. e3 Bf5 4. c4 Nb4 5. Qa4+ Nc6 6. Ne5 e6 7. cxd5 exd5 8. Bb5 Bd7 9. Nxc6 bxc6 10. Bxc6 Rb8
11. Bxd7+ Qxd7 12. Qxa7 Bb4+ 13. Nc3 Rd8 14. O-O Nf6 15. Nxd5 Nxd5 16. e4 Ne7 17. Bf4 O-O 18. Rac1 Nc6 19. d5 Nxa7
0-1

[Event "December Standard"]
[Site "SchemingMind.com"]
[Date "2006.11.28"]
[Round "-"]
[White "Zugzwang"]
[Black "Canuck36"]
[Result "0-1"]
[WhiteCountry "CAN"]
[BlackCountry "CAN"]
[WhiteElo "1490"]
[WhiteRD "61"]
[BlackElo "1502"]
[BlackRD "70"]
[GameID "79021"]

1. d4 f5 2. g3 g6 3. Bg2 Bg7 4. Nf3 d6 5. O-O Nf6 6. c4 O-O 7. Nc3 c6 8. Ng5 h6 9. Nh3 Qc7 10. b4 e5
11. Qb3 Kh7 12. Nd1 exd4 13. Qf3 Be6 14. Nb2 Nbd7 15. Rd1 Ne5 16. Qb3 Rae8 17. Rxd4 b5 18. Qc2 bxc4 19. Rh4 Nh5 20. Qd2 d5
21. Nd1 Ng4 22. Rb1 d4 23. f3 c3 24. Qc2 Ne3 25. Nxe3 dxe3 26. Bxe3 Bf6 27. Bf4 Nxf4 28. Rg4 Nxh3+ 29. Bxh3 fxg4
0-1

[Event "December Standard"]
[Site "SchemingMind.com"]
[Date "2006.11.29"]
[Round "-"]
[White "Austin Lockwood"]
[Black "Zugzwang"]
[Result "1-0"]
[WhiteCountry "ENG"]
[BlackCountry "CAN"]
[WhiteElo "1729"]
[WhiteRD "88"]
[BlackElo "1490"]
[BlackRD "61"]
[GameID "79022"]

1. e4 e5 2. Nf3 Nf6 3. Nxe5 d6 4. Nf3 Nxe4 5. d3 Nc5 6. d4 Qe7+ 7. Be2 Ne4 8. O-O Be6 9. Nc3 Nxc3 10. bxc3 Nd7
11. d5 Qf6 12. dxe6 fxe6 13. Rb1 O-O-O 14. Bg5 Qg6 15. Bxd8 Kxd8 16. Rxb7
1-0

[Event "December Standard"]
[Site "SchemingMind.com"]
[Date "2006.11.29"]
[Round "-"]
[White "cnbcad"]
[Black "Zugzwang"]
[Result "1/2-1/2"]
[WhiteCountry "USA"]
[BlackCountry "CAN"]
[WhiteElo "1455"]
[WhiteRD "52"]
[BlackElo "1485"]
[BlackRD "58"]
[GameID "79023"]

1. e4 e5 2. Nf3 Nf6 3. Nxe5 d6 4. Nf3 Nxe4 5. Qe2 Qe7 6. d3 Nf6 7. Qxe7+ Bxe7 8. Be2 O-O 9. Bg5 h6 10. Bxf6 Bxf6
11. c3 Nc6 12. O-O Re8 13. Re1 Bg4 14. Nbd2 d5 15. h3 Bxf3 16. Bxf3 Rxe1+ 17. Rxe1 Ne5 18. Bxd5 Nxd3 19. Re3 Nxb2 20. Ne4 c6
21. Nxf6+ gxf6 22. Bb3 Rd8 23. Re7 Rd2 24. Rxf7 Kh8 25. Rxf6 Nd3 26. Rd6 Kg7 27. Bc4 Rd1+ 28. Kh2 Nxf2 29. Re6 Rc1 30. Re7+ Kf6
31. Rf7+ Ke5 32. Rxf2 Rxc3 33. Bb3 b5 34. Re2+ Kd4 35. Re6 a5 36. Rxh6 a4 37. Bxa4 bxa4 38. Rh4+ Ke3 39. Rxa4 Rd3 40. Rg4 c5
41. Rg3+ Ke2 42. Rxd3 Kxd3 43. a4 c4 44. a5 c3 45. a6 c2 46. a7 c1=Q 47. a8=Q Qf4+ 48. Kh1 Qc1+ 49. Kh2 Qf4+ 50. Kg1 Qc1+=
1/2-1/2

[Event "December Standard"]
[Site "SchemingMind.com"]
[Date "2006.11.28"]
[Round "-"]
[White "Canuck36"]
[Black "Zugzwang"]
[Result "0-1"]
[WhiteCountry "CAN"]
[BlackCountry "CAN"]
[WhiteElo "1492"]
[WhiteRD "67"]
[BlackElo "1485"]
[BlackRD "58"]
[GameID "79025"]

1. d4 f5 2. e4 fxe4 3. Nc3 Nf6 4. f3 d5 5. fxe4 dxe4 6. Bg5 Bf5 7. Nge2 h6 8. Bh4 g5 9. Bg3 e6 10. Qd2 Bb4
11. a3 Bxc3 12. Nxc3 Nc6 13. Bb5 Ng4 14. h3 Nf6 15. O-O-O Qd7 16. Be5 Rf8 17. h4 O-O-O 18. hxg5 hxg5 19. Qxg5 Qe7 20. Bxc6 bxc6
21. Bxf6 Qxf6 22. Rh5 e3 23. Ne2 Rd5 24. Qxe3 Bg4 25. Rxd5 exd5 26. Rg1 Bxe2 27. Qxe2 Qxd4 28. Rd1 Qg7 29. c3 Kb7 30. g4 Qg6
31. Rg1 Re8 32. Qd1 Qg5+ 33. Kb1 Re4 34. b4 Re3 35. Qd4 Qg6+ 36. Kb2 Re2+ 37. Ka1 Qc2
0-1

[Event "December Standard"]
[Site "SchemingMind.com"]
[Date "2006.11.30"]
[Round "-"]
[White "rao"]
[Black "Austin Lockwood"]
[Result "0-1"]
[WhiteCountry "INT"]
[BlackCountry "ENG"]
[WhiteElo "1578"]
[WhiteRD "88"]
[BlackElo "1759"]
[BlackRD "77"]
[GameID "79180"]

1. e4 e6 2. d4 d5 3. e5 c5 4. Nf3 cxd4 5. Nxd4 Ne7 6. Bg5 h6 7. Bh4 Nbc6 8. Nxc6 bxc6 9. Bd3 g5 10. Bg3 Qb6
11. b3 Nf5 12. c3 h5 13. h4 Nxg3 14. fxg3 Qe3+ 15. Qe2 Qc1+ 16. Qd1 Qxd1+ 17. Kxd1 gxh4 18. gxh4 Bg7 19. Re1 f6 20. Bg6+ Kd8
21. exf6 Bxf6 22. g3 Rg8 23. Bf7 Rxg3 24. Bxe6 Bxh4 25. Kc2 Rg2+ 26. Kd3 Bxe1 27. Bxc8 Rxc8 28. Na3 Rg3+ 29. Ke2 Bxc3 30. Rf1 h4
31. Rf8+ Ke7 32. Rxc8 d4 33. Nc4 d3+ 34. Kd1 Rg1#
0-1

[Event "December Standard"]
[Site "SchemingMind.com"]
[Date "2006.11.29"]
[Round "-"]
[White "rao"]
[Black "cnbcad"]
[Result "1-0"]
[WhiteCountry "INT"]
[BlackCountry "USA"]
[WhiteElo "1576"]
[WhiteRD "164"]
[BlackElo "1519"]
[BlackRD "56"]
[GameID "79181"]

1. e4 e5 2. d4 exd4 3. Qxd4 Nc6 4. Qe3 Bd6 5. Nc3 Bb4 6. Bd2 d6 7. Nd5 Bc5 8. Qg3 g6 9. Bg5 Nge7 10. Bb5 Bd7
11. Nf6+ Kf8 12. Bh6#
1-0

[Event "December Standard"]
[Site "SchemingMind.com"]
[Date "2006.11.29"]
[Round "-"]
[White "rao"]
[Black "Zugzwang"]
[Result "1-0"]
[WhiteCountry "INT"]
[BlackCountry "CAN"]
[WhiteElo "1578"]
[WhiteRD "88"]
[BlackElo "1446"]
[BlackRD "58"]
[GameID "79183"]

1. d4 f5 2. e3 b6 3. Qf3 c6 4. Qxf5 e6 5. Qf3 Nf6 6. e4 Bb7 7. e5 Nd5 8. Bd3 Nb4 9. Be4 Qc7 10. Na3 d5
11. Qh5+ Qf7 12. Qxf7+ Kxf7 13. Bf3 Be7 14. Nh3 h6 15. Nf4 g6 16. Bd2 N8a6 17. c3 Rhf8 18. cxb4 Nxb4 19. Bxb4 Bxb4+ 20. Kd1 Ba6
21. Rc1 c5 22. Bg4 Rae8 23. Nc2 Ba5 24. a3 b5 25. dxc5 h5 26. Bf3 Kg7 27. Nh3 Rf5 28. b4 Bc7 29. Nd4 Rxe5 30. Nf4 Bc8
31. Nc6 a6 32. Nxe5 Bxe5 33. Nh3 d4 34. Re1 Bxh2 35. g3 e5 36. Ng5 Kf6 37. Ne4+ Kg7 38. Nd6 Rd8 39. Rxe5 d3 40. Re7+ Kh6
41. Nf7+
1-0

[Event "December Standard"]
[Site "SchemingMind.com"]
[Date "2006.11.30"]
[Round "-"]
[White "rao"]
[Black "Canuck36"]
[Result "1-0"]
[WhiteCountry "INT"]
[BlackCountry "CAN"]
[WhiteElo "1578"]
[WhiteRD "88"]
[BlackElo "1469"]
[BlackRD "69"]
[GameID "79184"]

1. e4 c5 2. d4 cxd4 3. Qxd4 Nc6 4. Qc3 Nf6 5. f3 a6 6. a3 e5 7. Bg5 Be7 8. Nh3 O-O 9. Bd3 d6 10. Nf2 Nd4
11. Qd2 b5 12. Nc3 Be6 13. Ne2 Nxe2 14. Bxe2 Rc8 15. c3 h6 16. Be3 d5 17. O-O Bc5 18. Rad1 Bxe3 19. Qxe3 Qe7 20. Ng4 Nxg4
21. fxg4 Qc5 22. Qxc5 Rxc5 23. exd5 Bxd5 24. Rde1 Re8 25. Bf3 e4 26. Be2 g6 27. Rf4 Kg7 28. Bd1 e3 29. Be2 g5 30. Rf5 f6
31. b4 Rxc3 32. Rxd5 Rxa3 33. Rd7+ Kf8 34. Bf3 Rb3 35. Rd6 Kf7 36. Bd5+
1-0

[Event "December Standard"]
[Site "SchemingMind.com"]
[Date "2006.11.30"]
[Round "-"]
[White "Austin Lockwood"]
[Black "rao"]
[Result "0-1"]
[WhiteCountry "ENG"]
[BlackCountry "INT"]
[WhiteElo "1759"]
[WhiteRD "77"]
[BlackElo "1578"]
[BlackRD "88"]
[GameID "79185"]

1. c4 e5 2. Nc3 Bc5 3. e3 d6 4. d4 exd4 5. exd4 Bb4 6. Qa4+ Nc6 7. d5 Bxc3+ 8. bxc3 Qe7+ 9. Ne2 Bd7 10. dxc6 Bxc6
11. Qd1 Nf6 12. Qd4 h6 13. g3 Bxh1 14. Bf4 O-O 15. O-O-O Bf3 16. Qe3 Qxe3+ 17. Bxe3 Rfe8 18. h3 Re4 19. Rd4 Bxe2 20. Bxe2 Rxd4
21. Bxd4 Re8 22. Kd2 c5 23. Bxf6 gxf6 24. a4 b6 25. f4 Kg7 26. Bd3 Rd8 27. h4 d5 28. cxd5 Rxd5 29. c4 Rd6 30. Kc3 Re6
31. g4 Re3 32. Kd2 Rg3 33. g5 hxg5 34. hxg5 fxg5
0-1

[Event "December Standard"]
[Site "SchemingMind.com"]
[Date "2006.11.29"]
[Round "-"]
[White "cnbcad"]
[Black "rao"]
[Result "0-1"]
[WhiteCountry "USA"]
[BlackCountry "INT"]
[WhiteElo "1455"]
[WhiteRD "52"]
[BlackElo "1606"]
[BlackRD "127"]
[GameID "79186"]

1. e4 d5 2. exd5 Qxd5 3. Nc3 Qe5+ 4. Nge2 Bf5 5. d4 Qd6 6. g3 a6 7. Bg2 c6 8. O-O e6 9. Re1 Nf6 10. d5 cxd5
11. Nf4 Be7 12. Ncxd5 Nc6 13. Nxf6+ gxf6 14. Qxd6 Bxd6 15. Nd5 O-O 16. Nb6 Rad8 17. Bh6 Rfe8 18. c4 Bc5 19. Na4 Bb4 20. Red1 Rxd1+
21. Rxd1 Bc2 22. Bxc6 bxc6 23. Rd4 c5 24. Rg4+ Bg6 25. Nb6 f5 26. Rh4 Rd8 27. Rf4 Bh5 28. a3 Bd2 29. Rh4 Bf3 30. Bxd2 Rxd2
0-1

[Event "December Standard"]
[Site "SchemingMind.com"]
[Date "2006.11.30"]
[Round "-"]
[White "Zugzwang"]
[Black "rao"]
[Result "1-0"]
[WhiteCountry "CAN"]
[BlackCountry "INT"]
[WhiteElo "1478"]
[WhiteRD "59"]
[BlackElo "1458"]
[BlackRD "82"]
[GameID "79188"]

1. d4 d5 2. Nf3 Bf5 3. c4 e6 4. Qb3 h6 5. Ne5 b6 6. e3 f6 7. cxd5 exd5 8. Bb5+ Ke7 9. Bc6 fxe5 10. Bxa8 c6
11. dxe5 Qc7 12. Bd2 Qxe5 13. Bc3 Qe4 14. O-O Kf7 15. Bb7 Bd6 16. Nd2 Qh4 17. Nf3 Qh5 18. Rfe1 Be4 19. Kf1 Bxh2 20. Ke2 Qg4
21. Rh1 Bd6 22. Rag1 Qg6 23. Be5 Ke7 24. Bxd6+ Qxd6 25. Rc1 Nf6 26. Rhd1 Rf8 27. Nd4 c5 28. Nb5 Qh2 29. Nxa7 Qc7 30. Nc6+ Nxc6
31. Bxc6 Qxc6 32. f3 Bf5 33. Rd4 Be6 34. Rb4 Rb8 35. a4 d4 36. Qd1 dxe3 37. a5 Nd5 38. Rb3 Nf4+ 39. Kxe3 Nxg2+ 40. Kf2 Bxb3
41. Qe2+ Qe6 42. Qxe6+ Bxe6 43. Kxg2 bxa5 44. Rxc5 Rxb2+ 45. Kg3 g5 46. Rxa5 Rb1 47. Ra7+ Kf6 48. Ra6
1-0

[Event "December Standard"]
[Site "SchemingMind.com"]
[Date "2006.11.30"]
[Round "-"]
[White "Canuck36"]
[Black "rao"]
[Result "1-0"]
[WhiteCountry "CAN"]
[BlackCountry "INT"]
[WhiteElo "1505"]
[WhiteRD "73"]
[BlackElo "1458"]
[BlackRD "82"]
[GameID "79189"]

1. d4 d5 2. Nf3 Bg4 3. Ne5 Be6 4. e3 Nd7 5. Nd3 Ngf6 6. Nc3 a6 7. Be2 c6 8. O-O Nb6 9. Nc5 Bc8 10. e4 e6
11. e5 Bxc5 12. dxc5 Nbd7 13. exf6 Qxf6 14. Be3 e5 15. b4 O-O 16. a4 d4 17. Ne4 Qh4 18. f3 dxe3 19. Qd3 Qf4 20. g3 Qh6
21. Nc3 Nf6 22. Rad1 Be6 23. Ne4 Nxe4 24. Qxe4 Qg5 25. Kg2 Bd5 26. Qd3 Rfd8 27. Qc3 h5 28. h4 Qf5 29. Rd3 Be6 30. Rxe3 Qh3+
31. Kf2 Qh2+ 32. Ke1 Qxg3+ 33. Rf2 Rd5 34. f4 Qxh4 35. fxe5 Rad8 36. Rd3 Qg5 37. Re3 Bh3 38. Qa3 Qg1+ 39. Rf1
1-0

[Event "December Standard"]
[Site "SchemingMind.com"]
[Date "2006.11.30"]
[Round "-"]
[White "asanopiyo"]
[Black "Austin Lockwood"]
[Result "1/2-1/2"]
[WhiteCountry "JPN"]
[BlackCountry "ENG"]
[WhiteElo "1816"]
[WhiteRD "89"]
[BlackElo "1733"]
[BlackRD "78"]
[GameID "79318"]

1. e4 d5 2. exd5 Qxd5 3. Nc3 Qa5 4. Qf3 Nf6 5. d4 e6 6. a3 Nc6 7. Bb5 Bd7 8. Bd2 O-O-O 9. Nge2 e5 10. Bxc6 Bxc6
11. Qf5+ Bd7 12. Qxe5 Qa6 13. O-O Re8 14. Qg3 Rxe2 15. Nxe2 Qxe2 16. Bb4 Bxb4 17. axb4 Nh5 18. Qc3 Re8 19. Rfe1 Nf4 20. h3 a6
21. Qg3 Qxe1+ 22. Rxe1 Rxe1+ 23. Kh2 Ne2 24. Qxg7 c6 25. Qxf7 Nxd4 26. Qxh7 Re8 27. c3 Ne2 28. g4 Nf4 29. Kg3 Ne2+ 30. Kh4 Nf4
31. Kg5 Nd5 32. f4 b5 33. f5 Kc7 34. f6 Rf8 35. f7 Kd6 36. Qg7 Ke7 37. h4 Rxf7 38. Qe5+ Be6 39. h5 Rf2=
1/2-1/2

[Event "December Standard"]
[Site "SchemingMind.com"]
[Date "2006.11.30"]
[Round "-"]
[White "asanopiyo"]
[Black "cnbcad"]
[Result "1-0"]
[WhiteCountry "JPN"]
[BlackCountry "USA"]
[WhiteElo "1725"]
[WhiteRD "100"]
[BlackElo "1519"]
[BlackRD "56"]
[GameID "79319"]

1. e4 e5 2. Nf3 Nc6 3. Bc4 h6 4. c3 Nf6 5. Qb3 d5 6. Bxd5 Nxd5 7. exd5 Ne7 8. c4 f6 9. Nc3 Bg4 10. Qxb7 Nf5
11. Nb5 Bd6 12. Qc6+ Kf7 13. c5 Ne7 14. Nxd6+ cxd6 15. Qa4 Nxd5 16. Qxg4 Rf8 17. cxd6 Qxd6 18. O-O Kg8 19. d4 exd4 20. Nxd4 Rae8
21. Nf5 Qc7 22. Bxh6 Rf7 23. Rfe1 Rxe1+ 24. Rxe1 Kf8 25. Bd2 Qc2 26. Qh5 Kg8 27. Re8+ Rf8 28. Rxf8+ Kxf8 29. Qh8+ Kf7 30. Qxg7+ Ke6
31. Nd4+
1-0

[Event "December Standard"]
[Site "SchemingMind.com"]
[Date "2006.11.30"]
[Round "-"]
[White "asanopiyo"]
[Black "Zugzwang"]
[Result "0-1"]
[WhiteCountry "JPN"]
[BlackCountry "CAN"]
[WhiteElo "1725"]
[WhiteRD "100"]
[BlackElo "1490"]
[BlackRD "61"]
[GameID "79321"]

1. Nf3 Nf6 2. d4 d5 3. Bg5 c5 4. c3 Qb6 5. Bxf6 exf6 6. b3 Be7 7. Qc2 O-O 8. Nbd2 Nc6 9. e4 dxe4 10. Qxe4 Re8
11. Qd3 cxd4 12. cxd4 Bb4+ 13. Be2 Qa5 14. O-O Bg4 15. Nc4 Qd5 16. Ne3 Qh5 17. Nxg4 Qxg4 18. d5 Rad8 19. Qb5 Nd4 20. Nxd4 Qxd4
21. Rfd1 Qe4 22. Bf3 Qe7 23. h4 Bc3 24. Rac1 Be5 25. Rc4 Rd6 26. Rdc1 g6 27. a4 a6 28. Qb4 b6 29. Rc6 Rxc6
0-1

[Event "December Standard"]
[Site "SchemingMind.com"]
[Date "2006.11.30"]
[Round "-"]
[White "asanopiyo"]
[Black "Canuck36"]
[Result "1-0"]
[WhiteCountry "JPN"]
[BlackCountry "CAN"]
[WhiteElo "1725"]
[WhiteRD "100"]
[BlackElo "1502"]
[BlackRD "70"]
[GameID "79322"]

1. Nf3 c5 2. e4 e6 3. c3 a6 4. d4 cxd4 5. cxd4 Nf6 6. Nc3 Nc6 7. Bg5 Be7 8. Rc1 O-O 9. d5 Na7 10. d6 Bxd6
11. Qxd6 b5 12. e5 Ne8 13. Qxf8+ Kxf8 14. Bxd8 Bb7 15. Bb6 Bxf3 16. gxf3 Nc6 17. Bc5+ Kg8 18. f4 Na5 19. Bd3 Nc7 20. f5 Rd8
21. f6 g6 22. h4 h5 23. Bb6
1-0

[Event "December Standard"]
[Site "SchemingMind.com"]
[Date "2006.11.30"]
[Round "-"]
[White "asanopiyo"]
[Black "rao"]
[Result "1-0"]
[WhiteCountry "JPN"]
[BlackCountry "INT"]
[WhiteElo "1816"]
[WhiteRD "89"]
[BlackElo "1606"]
[BlackRD "127"]
[GameID "79323"]

1. Nf3 e6 2. e4 d5 3. Nc3 d4 4. Ne2 Nc6 5. d3 e5 6. h3 Bb4+ 7. c3 Ba5 8. b4 Bb6 9. b5 Nce7 10. Qa4 Bd7
11. cxd4 exd4 12. Nexd4 Bxd4 13. Qxd4 f6 14. Qb4 c6 15. d4 Qb6 16. a4 a5 17. Qb3 Ng6 18. Be3 Qc7 19. Bc4 N8e7 20. Bf7+ Kf8
21. b6 Qd6 22. O-O Nf4 23. e5 fxe5 24. dxe5 Ne2+ 25. Kh1 Qb4 26. Qd3 Bf5 27. Qb3 Qxb3 28. Bxb3 Nc3 29. Nd4 Ncd5 30. Bd2 g6
31. g4 Be4+ 32. f3 Bd3 33. Rfe1 Nxb6 34. Ne6+ Ke8 35. Nc7+ Kd7 36. Nxa8 Nxa8 37. e6+ Kc7 38. Bxa5+ b6 39. Bc3 Rf8 40. Kg2 Nd5
41. Be5+ Kd8 42. Rad1 Ba6 43. Bxd5 cxd5 44. Rxd5+ Ke7 45. Bd6+ Ke8 46. Bxf8 Kxf8 47. e7+ Ke8 48. Rd8+
1-0

[Event "December Standard"]
[Site "SchemingMind.com"]
[Date "2006.12.01"]
[Round "-"]
[White "Austin Lockwood"]
[Black "asanopiyo"]
[Result "0-1"]
[WhiteCountry "ENG"]
[BlackCountry "JPN"]
[WhiteElo "1733"]
[WhiteRD "78"]
[BlackElo "1816"]
[BlackRD "89"]
[GameID "79324"]

1. c4 c5 2. Nf3 Nc6 3. Nc3 e6 4. d3 Nf6 5. e4 h6 6. Be2 d6 7. O-O Be7 8. d4 cxd4 9. Nxd4 Bd7 10. Nxc6 bxc6
11. Bf3 e5 12. Be3 Be6 13. Qd3 O-O 14. Na4 Qc7 15. h3 Rab8 16. b3 Rfd8 17. Bg4 Nxg4 18. hxg4 Bxg4 19. f3 Bd7 20. Nc3 h5
21. Qd2 h4 22. Bg5 Be6 23. Rad1 h3 24. gxh3 Bxh3 25. Rfe1 f6 26. Qh2 Qd7 27. Be3 Kf7 28. Na4 Rh8 29. Nc5 Qd8 30. Nd3 a6
31. c5 d5 32. exd5 Qxd5 33. Qe2 Qe6 34. b4 Rh7 35. Bd2 Rbh8 36. Bc3 Bf5 37. Qg2 g5 38. Nxe5+ fxe5 39. Rxe5 Qg6 40. a4 Bf6
41. Re3 g4 42. Bxf6 Rh1+ 43. Qxh1 Rxh1+ 44. Kxh1 Qh5+ 45. Kg1 g3 46. Re5 Qh2+ 47. Kf1 Qf2#
0-1

[Event "December Standard"]
[Site "SchemingMind.com"]
[Date "2006.12.01"]
[Round "-"]
[White "cnbcad"]
[Black "asanopiyo"]
[Result "0-1"]
[WhiteCountry "USA"]
[BlackCountry "JPN"]
[WhiteElo "1519"]
[WhiteRD "56"]
[BlackElo "1725"]
[BlackRD "100"]
[GameID "79325"]

1. e4 c6 2. d4 d5 3. e5 Bf5 4. c4 e6 5. c5 Nd7 6. b4 b5 7. h3 a5 8. Nf3 axb4 9. Bd2 Ra4 10. Be2 f6
11. exf6 Ngxf6 12. Bg5 Qa5 13. O-O Rxa2 14. Nbd2 Ne4 15. Rxa2 Qxa2 16. Qa1 Qa3 17. Qxa3 bxa3 18. Nxe4 Bxe4 19. Bd2 Bxf3 20. Bxf3 Nxc5
21. dxc5 Bxc5 22. Rc1 a2 23. Ra1 Kd7 24. Rxa2 Rb8 25. g4 Bd4 26. Be3 Bxe3 27. fxe3 Rb7 28. g5 b4 29. h4 b3 30. Rb2 c5
31. e4 d4 32. e5 Rb4 33. Bd1 c4 34. Kf2 Kc6 35. Kf3 Kd5 36. h5 d3 37. Ke3 Kxe5 38. Kd2 Kd4 39. Kc1 Ke3
0-1

[Event "December Standard"]
[Site "SchemingMind.com"]
[Date "2006.12.01"]
[Round "-"]
[White "Zugzwang"]
[Black "asanopiyo"]
[Result "0-1"]
[WhiteCountry "CAN"]
[BlackCountry "JPN"]
[WhiteElo "1490"]
[WhiteRD "61"]
[BlackElo "1725"]
[BlackRD "100"]
[GameID "79327"]

1. d4 Nf6 2. Nf3 c6 3. e3 d5 4. Bd3 Bg4 5. c4 e6 6. Qb3 Qc7 7. Ne5 Bd6 8. cxd5 cxd5 9. O-O Nc6 10. Nxg4 Nxg4
11. g3 h5 12. Be2 Nxh2 13. Kxh2 Bxg3+ 14. fxg3 h4 15. Rf3 hxg3+ 16. Kg1 g2 17. Kf2 g1=Q+
0-1

[Event "December Standard"]
[Site "SchemingMind.com"]
[Date "2006.11.30"]
[Round "-"]
[White "Canuck36"]
[Black "asanopiyo"]
[Result "0-1"]
[WhiteCountry "CAN"]
[BlackCountry "JPN"]
[WhiteElo "1492"]
[WhiteRD "67"]
[BlackElo "1816"]
[BlackRD "89"]
[GameID "79328"]

1. d4 d5 2. c4 c6 3. Nf3 Nf6 4. Nc3 e6 5. Bg5 h6 6. Bh4 Nbd7 7. e3 Bd6 8. cxd5 cxd5 9. Bxf6 Nxf6 10. Bd3 a6
11. O-O Bd7 12. Rc1 O-O 13. a3 Re8 14. Qc2 b5 15. b4 Qb6 16. e4 dxe4 17. Nxe4 Nxe4 18. Bxe4 Ra7 19. Qd2 f5 20. Bd3 a5
21. Rfe1 axb4 22. axb4 Bc6 23. Ne5 Bd5 24. Be2 Rea8 25. h3 Ra2 26. Qe3 Bxb4 27. Red1 Be7 28. Nf3 R8a3 29. Bd3 Qb7 30. Qf4 Bf6
31. Rc7 Qa8 32. Rdc1 Ra1 33. Bxb5 Bxf3 34. Rc8+ Qxc8
0-1